Core Java for beginners / (Record no. 65477)
[ view plain ]
| 000 -LEADER | |
|---|---|
| fixed length control field | 00815nam a22002537a 4500 |
| 005 - DATE AND TIME OF LATEST TRANSACTION | |
| control field | 20130712152352.0 |
| 010 ## - LCCN (DPL NO) | |
| LC control number | ENG-105053 |
| 020 ## - INTERNATIONAL STANDARD BOOK NUMBER | |
| Terms of availability | 450.00 |
| International Standard Book Number | 9788125950837 |
| 035 ## - SYSTEM CONTROL NUMBER | |
| System control number | EN-88586 |
| 035 ## - SYSTEM CONTROL NUMBER | |
| System control number | B-492312-316 |
| 037 ## - SOURCE OF ACQUISITION | |
| Source of stock number/acquisition | DBAD/PUB |
| 037 ## - SOURCE OF ACQUISITION | |
| Source of stock number/acquisition | Blue Berry/Ven |
| Stock number | dpl |
| 082 ## - DEWEY DECIMAL CLASSIFICATION NUMBER | |
| Classification number | 005.133 |
| 100 ## - MAIN ENTRY--PERSONAL NAME | |
| Personal name | Das, Rashmi Kanta |
| 245 ## - TITLE STATEMENT | |
| Title | Core Java for beginners / |
| Statement of responsibility, etc | by Rashmi Kanta Das |
| Remainder of title | |
| 250 ## - EDITION STATEMENT | |
| Edition statement | rev. ed |
| 260 ## - PUBLICATION, DISTRIBUTION, ETC. (IMPRINT) | |
| Place of publication, distribution, etc | Noida |
| Name of publisher, distributor, etc | Vikas Publishing House |
| Date of publication, distribution, etc | 2011 |
| 270 ## - ADDRESS | |
| Address | E-28, Sector-8 |
| City | Noida |
| Postal code | 201301 |
| 300 ## - PHYSICAL DESCRIPTION | |
| Extent | xxii, 808p. : |
| Dimensions | 24cm (pbk) |
| Other physical details | ill. |
| 500 ## - GENERAL NOTE | |
| General note | Includes index |
| 650 ## - SUBJECT ADDED ENTRY--TOPICAL TERM | |
| Topical term or geographic name as entry element | Jana computer program language |
| 942 ## - ADDED ENTRY ELEMENTS (KOHA) | |
| Source of classification or shelving scheme | Dewey Decimal Classification |
| Item type | English Books |
| Call number suffix | DAS |
| Classification part | 005.133 |
| Withdrawn status | Lost status | Not for loan | Collection code | Home library | Current library | Date acquired | Source of acquisition | Cost, normal purchase price | Full call number | Barcode | Copy number | Cost, replacement price | Koha item type | Public note |
|---|---|---|---|---|---|---|---|---|---|---|---|---|---|---|
| Not For Loan | Non-fiction | D.B.Act.Division | D.B.Act.Division | 23/04/2012 | DBAD/PUB | 450.00 | 005.133 DAS | EN-88586 | 1 | 450.00 | English Books | |||
| Non-fiction | Janak Puri | Janak Puri | 12/07/2013 | Blue Berry/IN9994/03.01.2013/116/18.12.2012/23.01.2013 | 450.00 | 005.133 DAS | B-492313 | 1 | 450.00 | English Books | ||||
| Non-fiction | Patel Nagar | Patel Nagar | 12/07/2013 | Blue Berry/IN9994/03.01.2013/116/18.12.2012/23.01.2013 | 450.00 | 005.133 DAS | B-492312 | 1 | 450.00 | English Books | ||||
| Non-fiction | Sarojini Nagar | Sarojini Nagar | 12/07/2013 | Blue Berry/IN9994/03.01.2013/116/18.12.2012/23.01.2013 | 450.00 | 005.133 DAS | B-492314 | 1 | 450.00 | English Books | Withdrawn List Prepared List No.3/12 | |||
| Non-fiction | Shahdara Branch | Shahdara Branch | 12/07/2013 | Blue Berry/IN9994/03.01.2013/116/18.12.2012/23.01.2013 | 450.00 | 005.133 DAS | B-492316 | 1 | 450.00 | English Books | ||||
| Non-fiction | Vinoba Puri | Vinoba Puri | 12/07/2013 | Blue Berry/IN9994/03.01.2013/116/18.12.2012/23.01.2013 | 450.00 | 005.133 DAS | B-492315 | 1 | 450.00 | English Books |
